书目信息 |
| 题名: |
海峡西岸经济区发展报告(2007)
|
|
| 作者: | 张志南 , 李闽榕 主编 | |
| 分册: | ||
| 出版信息: | 北京 社会科学文献出版社 2008.03 |
|
| 页数: | 360页 | |
| 开本: | 24cm | |
| 丛书名: | 海峡两岸蓝皮书 | |
| 单 册: | ||
| 中图分类: | F127.57 | |
| 科图分类: | ||
| 主题词: | 地区经济--di qu jing ji--经济发展--研究报告--福建省--2007 | |
| 电子资源: | ||
| ISBN: | 978-7-5097-0064-8 | |
| 000 | 01206nam 2200289 450 | |
| 001 | 191000013153 | |
| 005 | 20080910110800.68 | |
| 010 | @a978-7-5097-0064-8@dCNY48.00 (含光盘) | |
| 010 | @a978-7-89480-010-7@b光盘 | |
| 100 | @a20080408d2008 em y0chiy0121 ea | |
| 101 | 0 | @achi |
| 102 | @aCN@b110000 | |
| 105 | @ay z 000yy | |
| 200 | 1 | @a海峡西岸经济区发展报告(2007)@Ahai xia xi an jing ji qu fa zhan bao gao (2007)@d= Annual report on economic zone of the west coast of the taiwan strait@f主编张志南, 李闽榕@zeng |
| 210 | @a北京@c社会科学文献出版社@d2008.03 | |
| 215 | @a360页@d24cm@e1光盘 | |
| 225 | 2 | @a海峡两岸蓝皮书@Ahai xia liang an la pi shu |
| 330 | @a本书主要介绍了海峡两岸经济区的发展现状、趋势与发展对策分析、福建省经济和社会发展现状与趋势分析、海峡西岸经济区的历史文脉与生产力布局研究等内容。 | |
| 410 | 0 | @12001 @a海峡两岸蓝皮书 |
| 510 | 1 | @aAnnual report on economic aone of the west coast of the taiwan strait@zeng |
| 606 | 0 | @a地区经济@Adi qu jing ji@x经济发展@x研究报告@y福建省@z2007 |
| 690 | @aF127.57@v4 | |
| 701 | 0 | @a张志南@Azhang zhi nan@4主编 |
| 701 | 0 | @a李闽榕@Ali min rong@4主编 |
| 801 | 0 | @aCN@bLR@c20080910 |
| 905 | @aZUCC@dF127.57@eZ255 | |
| 999 | @aCYP | |
| 海峡西岸经济区发展报告(2007)= Annual report on economic zone of the west coast of the taiwan strait/主编张志南, 李闽榕.-北京:社会科学文献出版社,2008.03 |
| 360页;24cm+1光盘.-(海峡两岸蓝皮书) |
| ISBN 978-7-5097-0064-8:CNY48.00 (含光盘) |
| 本书主要介绍了海峡两岸经济区的发展现状、趋势与发展对策分析、福建省经济和社会发展现状与趋势分析、海峡西岸经济区的历史文脉与生产力布局研究等内容。 |
| ● |
| 相关链接 |
|
|
|
正题名:海峡西岸经济区发展报告(2007)
索取号:F127.57/Z255
 
预约/预借
| 序号 | 登录号 | 条形码 | 馆藏地/架位号 | 状态 | 备注 |
| 1 | 677752 | 206777521 | 社科二线422/409社科库 70排4列4层/ [索取号:F127.57/Z255] | 在馆 | |
| 2 | 677753 | 206777530 | 社科库409/409社科库 70排4列4层/ [索取号:F127.57/Z255] | 在馆 | |
| 3 | 677754 | 206777549 | 社科二线422/409社科库 70排4列4层/ [索取号:F127.57/Z255] | 在馆 |